LIBRARY & INFORMATION CENTRE, KCAET, TAVANUR

ONLINE PUBLIC ACCESS CATALOGUE (OPAC)

Constitutional History of India / (Record no. 11257)

MARC details
000 -LEADER
fixed length control field 00475cam a2200181ua 4500
041 ## - LANGUAGE CODE
Language code of text/sound track or separate title eng
082 ## - DEWEY DECIMAL CLASSIFICATION NUMBER
Classification number 342.029
Item number VID/CO
100 ## - MAIN ENTRY--AUTHOR NAME
Personal name Vidyadhara mahajan, Savithri mahajan .
245 ## - TITLE STATEMENT
Title Constitutional History of India /
260 ## - PUBLICATION, DISTRIBUTION, ETC. (IMPRINT)
Place of publication :
Name of publisher S. Chand Co. ,
Year of publication 1964.
300 ## - PHYSICAL DESCRIPTION
Number of Pages 581 ; .
942 ## - ADDED ENTRY ELEMENTS (KOHA)
Koha item type Books
Holdings
Withdrawn status Lost status Damaged status Home library Current library Date acquired Full call number Accession Number Koha item type
Withdrawn     KAUAET Malayalam University 07/04/2012 342.029 11423 Books
Withdrawn     KAUAET Sanskrit University 07/04/2012 342.029 4593 Books
free website counter